| 000 | 00378nam a2200157Ia 4500 | ||
|---|---|---|---|
| 008 | 221030s9999 xx 000 0 und d | ||
| 020 | _a9351610281 | ||
| 041 | _aEnglish | ||
| 100 | _aS. P. Gupta | ||
| 245 | 0 |
_aStatistical Methods _cby S. P. Gupta |
|
| 250 | _a44th | ||
| 260 |
_bSultan Chand &Sons _aNew Delhi _c2014 |
||
| 300 | _a1426 | ||
| 650 | _aComputers | ||
| 942 | _cBK | ||
| 999 |
_c15859 _d15859 |
||